| 000 | 00442cam a22001337i 4500 | ||
|---|---|---|---|
| 005 | 20250901165806.0 | ||
| 008 | 190723s2017 ke a 000 1 eng | ||
| 010 | _a 2019350441 | ||
| 020 | _a9789966561886 | ||
| 050 | 0 | 0 | _aPN 6071 .O34 2016 |
| 245 | 0 | 4 |
_aThe dolphin catcher & other stories : _ban anthology of short stories from Africa and beyond / _cedited by Tom Odhiambo. |
| 300 |
_aviii, 139 pages : _billustrations ; _c21 cm. |
||
| 942 | _2lcc | ||
| 999 |
_c9297 _d9297 |
||